|
|
|
|
| LEADER |
00701nab a2200181 i 4500 |
| 001 |
misc73455 |
| 005 |
20241018114142.0 |
| 008 |
241018s1954 hu o 000 eng d |
| 040 |
|
|
|a SZTE Miscellanea Repozitórium
|b hun
|
| 041 |
|
|
|a eng
|
| 100 |
1 |
|
|a Philpott Delbert E.
|
| 245 |
1 |
4 |
|a The structure of light-meromyosin
|h [elektronikus dokumentum] :
|b an electron microscopic study /
|c Philpott Delbert E.
|
| 260 |
|
|
|a Elsevier
|b Amsterdam
|c 1954
|
| 300 |
|
|
|a 165-173
|
| 490 |
0 |
|
|a Biochimica et Biophysica Acta
|v 15
|
| 561 |
|
|
|a Szent-Györgyi Albert munkatársainak publikációi
|
| 700 |
0 |
2 |
|a Szent-Györgyi Andrew G.
|e aut
|
| 856 |
4 |
0 |
|u http://misc.bibl.u-szeged.hu/73455/1/szgya_amerikai_065.pdf
|z Dokumentum-elérés
|